#Rozčesejme Česko : dětské účesy do 10 minut /

Hlavní autor: Lukešová, Anna
Jazyk: Čeština
Vydáno: Praha : Mladá fronta, 2019
Vydání: První vydání
Témata:
Fyzický popis: 158 stran : barevné ilustrace, portréty ; 22 cm
Knihy
Uloženo v:
LEADER 01714cam a2200505 i 4500
001 nkc20193162877
003 CZ PrNK
005 20200311103424.0
007 ta
008 191202s2019 xr ac e f 000 0 cze d
015 |a cnb003162877 
020 |a 978-80-204-5122-4  |q (vázáno) :  |c Kč 349,00 
035 |a (OCoLC)1199989136 
040 |a ULG001  |b cze  |d OLA001  |e rda 
072 7 |a 646  |x Odívání. Péče o tělo  |2 Konspekt  |9 19 
080 |a 646.72-053.2  |2 MRF 
080 |a 646.72  |2 MRF 
080 |a 316.346.2-055.25  |2 MRF 
080 |a (035)  |2 MRF 
080 |a (084.12)  |2 MRF 
100 1 |a Lukešová, Anna  |7 xx0242304  |4 aut 
245 1 0 |a #Rozčesejme Česko :  |b dětské účesy do 10 minut /  |c Anna Lukešová 
246 3 0 |a Rozčesejme Česko 
250 |a První vydání 
264 1 |a Praha :  |b Mladá fronta,  |c 2019 
300 |a 158 stran :  |b barevné ilustrace, portréty ;  |c 22 cm 
336 |a text  |b txt  |2 rdacontent 
336 |a statický obraz  |b sti  |2 rdacontent 
337 |a bez média  |b n  |2 rdamedia 
338 |a svazek  |b nc  |2 rdacarrier 
650 0 7 |a dětské účesy  |7 ph114398  |2 czenas 
650 0 7 |a péče o vlasy  |7 ph124851  |2 czenas 
650 0 7 |a dívky  |7 ph119743  |2 czenas 
650 0 9 |a children's hairstyles  |2 eczenas 
650 0 9 |a hair care  |2 eczenas 
650 0 9 |a girls  |2 eczenas 
655 7 |a příručky  |7 fd133209  |2 czenas 
655 7 |a fotografické publikace  |7 fd132276  |2 czenas 
655 9 |a handbooks and manuals  |2 eczenas 
655 9 |a photographical works  |2 eczenas 
910 2 |a BOA001  |b 2-1442.785 
920 |a 016020003708589  |z ULG001 
990 |a BK 
995 |a 01 
996 6 |b 2610817291  |c 2-1442.785  |l MZK  |r Sklad / do 1 hodiny  |n 0  |p p.v.  |w 001785907  |u 000010  |a 1  |e BOA001  |j MZK50  |s P